| 000 | 00740cam a22002174a 4500 | ||
|---|---|---|---|
| 999 |
_c7744 _d7744 |
||
| 003 | OSt | ||
| 005 | 20200518140539.0 | ||
| 008 | 110928s2012 mauab 000 0 eng | ||
| 020 |
_a9781592537259 : _c$26.99 |
||
| 082 | 0 | 0 |
_a743.84CAM _223 |
| 100 | 1 | _aCampanario, Gabriel. | |
| 245 | 1 | 4 |
_aThe art of urban sketching : _bdrawing on location around the world / _cGabriel Campanario. |
| 246 | 3 | 0 | _aDrawing on location around the world |
| 260 |
_aBeverly, Mass. : _bQuarry Books, _cc2012. |
||
| 300 |
_a319 p. : _bcol. ill., maps ; _c26 cm. |
||
| 500 | _a"See the world, one drawing at a time ..."--P. facing t.p. | ||
| 650 | 0 | _aCities and towns in art. | |
| 650 | 0 | _aCity and town life in art. | |
| 650 | 0 |
_aDrawing _xTechnique. |
|
| 942 | _2ddc | ||